Deutsch/aktiv 1; ein lehrwerk f_r erwachsene /

Guardado en:
Autor Principal: Neuner, Gerd
Formato: Libro
Publicado: Berlin : Langenscheidt, 1983
Etiquetas: Agregar Etiqueta
Sin Etiquetas, Sea el primero en etiquetar este registro!
LEADER 00495nam a22001575a 4500
001 CEM.cems004654
005 20060217000000.0
008 130507s1983##################000#0#####d
003 CEMS
082 0 4 |a 438.64 
100 1 |a Neuner, Gerd 
245 1 0 |a Deutsch/aktiv 1; ein lehrwerk f_r erwachsene / 
260 |a Berlin :  |b Langenscheidt,  |c 1983 
300 |a 1581 p. 
859 |a CEMS  |b BIB. CEMS - 11 de abril  |h 438.64  |i N398/I  |p 15254.88  |t Ej.1 
859 |a CEMS  |b BIB. CEMS - 11 de abril  |h 438.64  |i N398/I  |p 15255.88  |t Ej.2